Fisica programada: volumen II: optica y ondas / Alexander Joseph (Registro nro. 20250)
[ vista simple ]
| 000 -LÍDER | |
|---|---|
| fixed length control field | 00437nam a2200157 4500 |
| 008 - ELEMENTOS DE LONGITUD FIJA -- INFORMACIÓN GENERAL | |
| fixed length control field | 0 1970 0an 000 0Mex |
| 020 ## - NÚMERO INTERNACIONAL NORMALIZADO PARA LIBROS | |
| ISBN | s/n |
| 050 ## - SIGNATURA TOPOGRAFICA DE LA BIBLIOTECA DEL CONGRESO (LC) | |
| Número de Clasificación | QC6 J618 T.II |
| 082 ## - NUMERO DE CLASIFICACION DECIMAL DEWEY | |
| Número de Clasificación | 535.2077 J853f |
| 100 ## - ASIENTO PRINCIPAL--NOMBRE PERSONAL | |
| Nombre personal | Joseph Alexander |
| 245 ## - TÍTULO | |
| Título | Fisica programada: volumen II: optica y ondas / Alexander Joseph |
| 250 ## - MENCIÓN DE EDICIÓN | |
| Mención de edición | reimp. 1973 |
| 260 ## - PUBLICACIÓN, DISTRIBUCIÓN, ETC. (PIE DE IMPRENTA) | |
| Lugar de publicación, distribución, etc. | Mexico: Limusa |
| 300 ## - DESCRIPCIÓN FÍSICA | |
| Extensión | 236p |
| 650 ## - ASIENTO SECUNDARIO DE MATERIA - TERMINO TEMÁTICO | |
| Término temático o nombre geográfico como elemento de entrada | 1.FISICA \ 2. OPTICA \ 3. ONDAS |
| No. biblioteca | No. biblioteca | Número de clasificación | Código de barras/Número de adquisición | Número de copia | Tipo de material |
|---|---|---|---|---|---|
| LUIS G. INCLAN | LUIS G. INCLAN | 535.2077 J853f | 3951 | 2 | Libros |
| LUIS G. INCLAN | LUIS G. INCLAN | 535.2077 J853f | 3955 | 6 | Libros |
